00231 2200109 4500245002800000250001100028100001900039650001600058005001900074041001400093084001400107 aALAT MUSIK BETAWIhText aCet. 1 aFirdah Zakiyah aKarya Siswa a20250424091528 aIndonesia a081 FIR a